มุมมองปกติ
มุมมองแบบ MARC
- ผู้นำสตรี
รายการ Topical Term
001 - CONTROL NUMBER
- control field: 13473
003 - CONTROL NUMBER IDENTIFIER
- control field: NALT
005 - DATE AND TIME OF LATEST TRANSACTION
- control field: 20190110122626.0
008 - FIXED-LENGTH DATA ELEMENTS
- fixed length control field: 170818|| aca||aabn | a|a d
040 ## - CATALOGING SOURCE
- Original cataloging agency: NALT
- Transcribing agency: NALT
150 ## - HEADING--TOPICAL TERM
- Topical term or geographic name entry element: ผู้นำสตรี
670 ## - SOURCE DATA FOUND
- Source citation: Work cat.: (NALT)46099: อนงค์วิชญา สาริบุตร 13472, ความสัมฤทธิ์ผลของผู้นำสตรีทางการเมืองไทยในบทบาทสมาชิกสภาผู้แทนราษฎร, 2548
